An interpretation of the English Bible; vol. 4. (Record no. 1603)

000 -LEADER
fixed length control field 00583nam a2200181 a 4500
001 - CONTROL NUMBER
control field :::00017788$&:&@@
003 - CONTROL NUMBER IDENTIFIER
control field OkBaRHE
005 - DATE AND TIME OF LATEST TRANSACTION
control field 20100326170959.0
008 - FIXED-LENGTH DATA ELEMENTS--GENERAL INFORMATION
fixed length control field s1986 j 000 0 eng u
040 ## - CATALOGING SOURCE
Transcribing agency
100 1# - MAIN ENTRY--PERSONAL NAME
Personal name Carroll, Benajah Harvey, 1843-1914.
245 13 - TITLE STATEMENT
Title An interpretation of the English Bible; vol. 4.
260 ## - PUBLICATION, DISTRIBUTION, ETC. (IMPRINT)
Place of publication, distribution, etc Grand Rapids, MI., :
Name of publisher, distributor, etc Baker Book House
Date of publication, distribution, etc 1986
300 ## - PHYSICAL DESCRIPTION
Extent v. (1-6).
650 ## - SUBJECT ADDED ENTRY--TOPICAL TERM
Topical term or geographic name as entry element Bible
General subdivision Extended Paraphrase
942 ## - ADDED ENTRY ELEMENTS (KOHA)
Source of classification or shelving scheme
Koha item type Books
Copies
Lost status Withdrawn status Barcode Collection code Koha item type Copy number Permanent Location Date last seen Full call number Price effective from Damaged status Date acquired Source of classification or shelving scheme Not for loan Shelving location
  17788ReferenceBooks1RHEMA Bible Training College2010-04-14BS 511 .C2522010-04-14 2010-04-14  General Stacks